000 00638nam a22002297a 4500
003 UA-OsUOA
001 29981
007 ta
008 20041102b un ||||| |||| 00| 0 ukr d
090 _a82.09(477.8)
_bЛ1
942 _cBK
040 _aUA-OsUOA
_bukr
_cUA-OsUOA
_dUA-OsUOA
245 _aЛітератори Рівненщини
_bдовідник
_cУроряд. Є.Шморгун
300 _a60 с.
955 _a4
041 _aukr
080 _a82.09(477.8)
260 _aРівне
_bАзалія
_c1995
044 _aUA
650 7 _a82 Література. Літературознавство
_2UDC
999 _c316381
_d316381